000 00654nam a2200241Ia 4500
001 8893
005 20240113234140.0
007 ta
008 050722s1966 a g b000 u eng u
040 _aCotton College,Assam
041 _aeng
082 _a823.09
_bH 125 C
100 _aHaight, Gordon S. .
245 0 _aA Century of George Eliot Criticism /
_cGordon S. Haight.
_hTextual Documents
250 _a1st ed /
260 _aLondon :
_bMethuen & Co Ltd ,
_c1966.
300 _axiv, 370p. :
_bill. ;
_c21cm. .
504 _aIndex
653 _aEnglish-Fiction-Criticism
942 _2ddc
_cBK
999 _c8880
_d8880